The rule of violence : (Record no. 27268)
[ view plain ]
| 000 -LEADER | |
|---|---|
| fixed length control field | 02351cam a2200325 i 4500 |
| 003 - CONTROL NUMBER IDENTIFIER | |
| control field | EG-ScBUE |
| 005 - DATE AND TIME OF LATEST TRANSACTION | |
| control field | 20240527094341.0 |
| 008 - FIXED-LENGTH DATA ELEMENTS--GENERAL INFORMATION | |
| fixed length control field | 180316t2018 enk f b 001 0 eng d |
| 020 ## - INTERNATIONAL STANDARD BOOK NUMBER | |
| International Standard Book Number | 9781107698604 |
| 040 ## - CATALOGING SOURCE | |
| Original cataloging agency | DLC |
| Language of cataloging | eng |
| Description conventions | rda |
| Transcribing agency | DLC |
| Modifying agency | DLC |
| -- | EG-ScBUE |
| 043 ## - GEOGRAPHIC AREA CODE | |
| Geographic area code | a-sy--- |
| 082 04 - DEWEY DECIMAL CLASSIFICATION NUMBER | |
| Classification number | 956.910422 |
| Item number | ISM |
| Edition number | 22 |
| 100 1# - MAIN ENTRY--PERSONAL NAME | |
| Personal name | Ismail, Salwa, |
| Relator term | author. |
| 245 14 - TITLE STATEMENT | |
| Title | The rule of violence : |
| Remainder of title | subjectivity, memory and government in Syria / |
| Statement of responsibility, etc | Salwa Ismail, University of London. |
| 264 #1 - PUBLICATION, DISTRIBUTION, ETC. (IMPRINT) | |
| Place of publication, distribution, etc | Cambridge ; |
| -- | New York : |
| Name of publisher, distributor, etc | Cambridge University Press, |
| Date of publication, distribution, etc | 2018. |
| 300 ## - PHYSICAL DESCRIPTION | |
| Extent | xiii, 225 pages ; |
| Dimensions | 24 cm. |
| 336 ## - CONTENT TYPE | |
| Source | rdacontent |
| Content type term | text |
| Content type code | txt |
| 337 ## - MEDIA TYPE | |
| Media type term | unmediated |
| Source | rdamedia |
| Media type code | n |
| 338 ## - CARRIER TYPE | |
| Carrier type term | volume |
| Carrier type code | nc |
| Source | rdacarrier |
| 490 0# - SERIES STATEMENT | |
| Series statement | Cambridge Middle East studies |
| 504 ## - BIBLIOGRAPHY, ETC. NOTE | |
| Bibliography, etc | Includes bibliographical references and index. |
| 520 ## - SUMMARY, ETC. | |
| Summary, etc | "Over much of its rule, the Syrian regime of Hafez al-Asad and his successor, Bashar al-Asad, used violence on a massive scale, deploying disproportionate physical and destructive force to silence its critics and opponents. Indeed, the regime, as constituted under the al-Asads, has as its nucleus not only the figures occupying the top rung of political office, but also the apparatuses of violence, in particular the security services and elite military units. This security regime (al-nidham al-amni) has consistently acted in ways that convey the message that violence is the primary and organising modality of action in dealing with domestic opposition. The extent and scope of killing and destruction mounted by the security and military forces over approximately 40 years of al-Asad regime rule has made manifest a politics of extermination and annihilation as integral to the form of rule in Syria. Rather than betraying an irrational approach to government, this violence is governmental, not in the sense of being merely repressive, but as productive and performative--as shaping regime-citizen relations and forming political subjectivities"-- |
| 650 #7 - SUBJECT ADDED ENTRY--TOPICAL TERM | |
| Topical term or geographic name as entry element | Political violence |
| Geographic subdivision | Syria |
| General subdivision | History |
| Chronological subdivision | 20th century. |
| Source of heading or term | BUEsh |
| 650 #7 - SUBJECT ADDED ENTRY--TOPICAL TERM | |
| Topical term or geographic name as entry element | Political violence |
| Geographic subdivision | Syria |
| General subdivision | History |
| Chronological subdivision | 21st century. |
| Source of heading or term | BUEsh |
| 651 #7 - SUBJECT ADDED ENTRY--GEOGRAPHIC NAME | |
| Geographic name | Syria |
| General subdivision | Politics and government |
| Chronological subdivision | 1971-2000. |
| Source of heading or term | BUEsh |
| 9 (RLIN) | 32261 |
| 651 #7 - SUBJECT ADDED ENTRY--GEOGRAPHIC NAME | |
| Geographic name | Syria |
| General subdivision | Politics and government |
| Chronological subdivision | 2000- |
| Source of heading or term | BUEsh |
| 9 (RLIN) | 32262 |
| 653 ## - INDEX TERM--UNCONTROLLED | |
| Resource For college | BAEPS, Political Science |
| Arrived date list | March2019 |
| 655 ## - INDEX TERM--GENRE/FORM | |
| Form subdivision | Reading book |
| 942 ## - ADDED ENTRY ELEMENTS (KOHA) | |
| Source of classification or shelving scheme | Dewey Decimal Classification |
| Koha item type | Book - Borrowing |
| Withdrawn status | Lost status | Source of classification or shelving scheme | Damaged status | Not for loan | Collection code | Home library | Current library | Shelving location | Date acquired | Source of acquisition | Cost, normal purchase price | Serial Enumeration / chronology | Total Checkouts | Total Renewals | Full call number | Barcode | Date last seen | Date checked out | Cost, replacement price | Koha item type |
|---|---|---|---|---|---|---|---|---|---|---|---|---|---|---|---|---|---|---|---|---|
| Dewey Decimal Classification | Alahram | Central Library | Central Library | Second Floor | 20/03/2019 | Purchase | 495.00 | 526 | 1 | 2 | 956.910422 ISM | 000043268 | 15/07/2025 | 01/12/2024 | 618.75 | Book - Borrowing |